| 000 | 00845 a2200217 4500 | ||
|---|---|---|---|
| 001 | 134300 | ||
| 020 | _a85-262-2644-4 | ||
| 040 | _cLeonardo Da Vinci | ||
| 041 | _aPortuguês | ||
| 082 |
_a372.23 M327e _bM327e |
||
| 100 |
_aMARSICO, Maria Teresa _aCUNHA, Maria do Carmo Tavares da _aANTUNES, Maria Elisabete Martins _aCARVALHO NETO, Armando Coelho de |
||
| 245 | _aEstudos sociais | ||
| 250 | _a7.ed v.1 | ||
| 260 |
_bScipione _c1997 _aSão Paulo |
||
| 300 | _a143 | ||
| 362 | _a19970000 | ||
| 490 | _aMarcha criança | ||
| 500 |
_aIvan de Paula Coutinho (Ilustração) _aLivro do Professor |
||
| 697 |
_aEstudos Sociais _aFamília _aEscola _aNatureza _aOrientação _aEstações do Ano _aTrânsito _aMeios de Transporte _aMeios de Comunicação _aProfissão _aCalendário Cívico _aDatas Comemorativas _aEnsino Fundamental 1. Ciclo |
||
| 942 | _cBK | ||
| 999 |
_c134300 _d134300 |
||